000 01727nam0a22002651 4500
001 rc\4463506
005 20260407155517.0
021 _aRU
_b[69-40653]
035 _a(NLR Aleph) 008592363
090 _a8651737
_c8651737
100 _a20130416d1968 |||y0rusy50 ca
101 0 _arus
102 _aRU
105 _ay z |||||
200 1 _aТезисы докладов
_fНац. ком. СССР. по автомат. управлению и его узб. территор. группа. Ин-т автоматики и телемеханики (техн. кибернетики). Узб. науч.-исслед. ин-т энергетики и автоматики. АН УзССР. Ташк. политехн. ин-т. Науч.-техн. о-во энергетики и электротехн. пром-сти Узбекистана. XII Всесоюз. совещание по магнитным элементам автоматики и вычислит. техники. 7-11 окт. 1968 г.
210 _aТашкент
_cФан
_d1968
215 _a237 с.
_d20
606 _aВычислительные машины
_xМагнитные элементы
_jТезисы докладов
_2psbo
606 _aАвтоматические системы управления
_xМагнитные элементы
_jТезисы докладов
_2psbo
710 1 2 _aВсесоюзное совещание по магнитным элементам автоматики, телемеханики и вычислительной техники
_d12
_f1968
_eТашкент
_3RU\NLR\AUTH\8810096878
_9694918
801 0 _aRU
_bNLR
_gpsbo
801 1 _aRU
_bELAR
_2rusmarc
852 _aNLR
_j69-3/4126
942 _cBOOK
980 _aNB